| Tag |
First Indicator |
Second Indicator |
Subfields |
| LEADER |
00000cam a2200000 a 4500 |
| 001 |
in00000005596 |
| 007 |
he bmb024bbca |
| 008 |
990917s1999 dcua bb f000 0 eng c |
| 005 |
20230331144249.9 |
| 035 |
|
|
|a (OCoLC)ocm42387223
|
| 035 |
|
|
|9 AJK5428AM
|
| 035 |
|
|
|a in00000005596
|
| 037 |
|
|
|a 161729
|b GAO (202) 512-6000 (Voice); (202) 512-6061 (Fax)
|f paper copy
|
| 040 |
|
|
|a GPO
|c GPO
|d DLC
|d MvI
|d UtOrBLW
|
| 042 |
|
|
|a pcc
|
| 043 |
|
|
|a n-us---
|
| 049 |
|
|
|a UMIC
|
| 049 |
|
|
|a WWW
|
| 074 |
|
|
|a 0546-D-01 (MF)
|
| 074 |
|
|
|a 0546-D-01 (online)
|
| 086 |
0 |
|
|a GA 1.5/2:T-NSIAD-99-94
|
| 100 |
1 |
|
|a Gebicke, Mark E.
|
| 245 |
1 |
0 |
|a Military retirement :
|b proposed changes warrant careful analysis : statement of Mark E. Gebicke, Director, Military Operations and Capabilities Issues, National Security and International Affairs Division, before the Subcommittee on Military Personnel, Committee on Armed Services, House of Representatives /
|c United States General Accounting Office.
|
| 246 |
3 |
0 |
|a Proposed changes warrant careful analysis
|
| 264 |
|
1 |
|a Washington, D.C. (P.O. Box 37050, Washington, D.C. 20013) :
|b The Office,
|c [1999]
|
| 300 |
|
|
|a 14 pages :
|b illustrations ;
|c 28 cm.
|
| 336 |
|
|
|a text
|b txt
|2 rdacontent
|
| 337 |
|
|
|a microform
|b h
|2 rdamedia
|
| 338 |
|
|
|a microfiche
|b he
|2 rdacarrier
|
| 490 |
1 |
|
|a Testimony ;
|v GAO/T-NSIAD-99-94
|
| 500 |
|
|
|a Cover title.
|
| 500 |
|
|
|a Shipping list number: 99-0826-M.
|
| 500 |
|
|
|a "For release ... February 25, 1999."
|
| 500 |
|
|
|a "February 25, 1999."
|
| 504 |
|
|
|a Includes bibliographical references.
|
| 533 |
|
|
|a Microfiche.
|b [Washington, D.C.] :
|c U.S. General Accounting Office,
|d [1999?]
|e 1 microfiche : negative.
|
| 530 |
|
|
|a Also available via Internet from the GPO Access web site. Address as of 01/28/02: http://frwebgate.access.gpo.gov/cgi-bin/getdoc.cgi?dbname=gao&docid=f:ns99094t.pdf; current access is available via PURL.
|
| 500 |
|
|
|a Microform.
|
| 650 |
|
0 |
|a Military pensions
|z United States.
|
| 651 |
|
0 |
|a United States
|x Armed Forces
|x Appointments and retirements.
|
| 610 |
1 |
0 |
|a United States.
|b Department of Defense
|v Rules and practice.
|
| 710 |
1 |
|
|a United States.
|b General Accounting Office.
|
| 830 |
|
0 |
|a Testimony ;
|v GAO/T-NSIAD-99-94.
|
| 856 |
4 |
1 |
|u https://purl.fdlp.gov/GPO/LPS17150
|z Adobe Acrobat Reader required
|t 0
|
| 999 |
|
|
|a MARS
|
| 999 |
f |
f |
|i 750aee91-d5c5-331f-9cbe-fd71de792128
|s 04e93f15-deab-39c0-b4c3-3445cc0189e9
|t 0
|
| 952 |
f |
f |
|p normal
|a Texas A&M University
|b College Station
|c Sterling C. Evans Library
|d Evans: US Documents Microfiche (3rd floor)
|t 0
|e GA 1.5/2:T-NSIAD-99-94
|h Superintendent of Documents classification
|i microform -- microfiche
|m A14824287582
|
| 952 |
f |
f |
|a Texas A&M University
|b College Station
|c Electronic Resources
|d Available Online
|t 0
|e GA 1.5/2:T-NSIAD-99-94
|h Superintendent of Documents classification
|
| 998 |
f |
f |
|a GA 1.5/2:T-NSIAD-99-94
|t 0
|l Available Online
|
| 998 |
f |
f |
|a GA 1.5/2:T-NSIAD-99-94
|t 0
|l Evans: US Documents Microfiche (3rd floor)
|